000 00277nam a2200109Ia 4500
008 190216s9999||||xx |||||||||||||| ||und||
100 _aBhusan Y K
245 0 _aFundamentals Of Business Organisation And Management
260 _bKalyani Pub
_c1977
300 _a1256p
942 _cBK
999 _c5098
_d5098